Southville International School and Colleges
Your cart is empty.
  • Cart
  • Lists
    Public lists Eva Luna New books Lux_list list_1
    Your lists Log in to create your own lists
  • Log in to your account
  • Your cookies
  • Search history
Southville International School and Colleges
  • Advanced search
  • Recent comments
  • Most popular
  • Libraries

Log in to your account

Log in with GOOGLE


If you do not have an external account, but do have a local account, you can still log in:

  1. Home
  2. MARC view: The CPA Journal: the voice of the profession
Normal view MARC view ISBD view

The CPA Journal: the voice of the profession (Record no. 358875)

[ view plain ]
MARC details
000 -LEADER
fixed length control field 00637nam a2200181Ia 4500
008 - FIXED-LENGTH DATA ELEMENTS--GENERAL INFORMATION
fixed length control field 180925s9999 xx 000 0 und d
100 ## - MAIN ENTRY--PERSONAL NAME
Personal name Kravitz, Richard H.
245 #4 - TITLE STATEMENT
Title The CPA Journal: the voice of the profession
245 ## - TITLE STATEMENT
Statement of responsibility, etc The CPA Journal: the voice of the profession
260 ## - PUBLICATION, DISTRIBUTION, ETC. (IMPRINT)
Name of publisher, distributor, etc The New york state society of certified public accountants
260 ## - PUBLICATION, DISTRIBUTION, ETC. (IMPRINT)
Date of publication, distribution, etc 2018.
300 ## - PHYSICAL DESCRIPTION
Extent pages 5-80, February 2018
440 ## - SERIES STATEMENT/ADDED ENTRY--TITLE
Title Does financial reporting miss the big picture?
Volume number/sequential designation LXXXXVIII.2
650 ## - SUBJECT ADDED ENTRY--TOPICAL TERM
Topical term or geographic name as entry element Accountancy.
650 ## - SUBJECT ADDED ENTRY--TOPICAL TERM
Topical term or geographic name as entry element Finance, Public -- auditing.
650 ## - SUBJECT ADDED ENTRY--TOPICAL TERM
Topical term or geographic name as entry element Local taxation -- laws and legislation.
942 ## - ADDED ENTRY ELEMENTS (KOHA)
Source of classification or shelving scheme Library of Congress Classification
Item type Periodicals
Holdings
Withdrawn status Lost status Damaged status Home library Current library Date acquired Total Checkouts Date last seen Price effective from Koha item type
      College Library College Library 09/25/2018   09/25/2018 09/25/2018 Periodicals

The CPA Journal: the voice of the profession

APA

Kravitz R. H., .The CPA Journal: the voice of the profession. : The New york state society of certified public accountants.

Chicago

Kravitz Richard H, .The CPA Journal: the voice of the profession. : The New york state society of certified public accountants.

Harvard

Kravitz R. H., .The CPA Journal: the voice of the profession. : The New york state society of certified public accountants.

MLA

Kravitz Richard H, .: The New york state society of certified public accountants. .

  • Place hold
  • Print
  • Cite
  • Add to your cart (remove)
  • Save record
    BIBTEX Dublin Core MARCXML MARC (non-Unicode/MARC-8) MARC (Unicode/UTF-8) MARC (Unicode/UTF-8, Standard) MODS (XML) RIS
  • More searches
    Search for this title in:
    Other Libraries (WorldCat) Other Databases (Google Scholar) Online Stores (Bookfinder.com) Open Library (openlibrary.org)

Exporting to Dublin Core...

SOUTHVILLE LIBRARY

Southville International School and Colleges Library

1281 Tropical Ave. Cor. Luxembourg St., BF Homes International, Las Pinas City

Tel. No. 8256374 / 252358 Loc. 117/146

Powered by Koha